Mortal Kombat X Characters (includes dlc) - Statistics

General Stats
  • This quiz has been taken 169 times
  • The average score is 25 of 33
Answer Stats
Hint Answer % Correct
S Scorpion
89%
S Sub Zero
89%
J Johnny Cage
86%
J Jax
85%
A Alien
83%
C Cassie Cage
82%
D Dvorah
81%
J Jason Vorhees
81%
R Raiden
81%
K Kitana
80%
S Sonya Blade
80%
L Liu Kang
79%
P Predator
79%
K Kung Lao
77%
L Leatherface
77%
B Bo Rai Cho
76%
E Ermac
76%
F/T Ferra Torr
76%
K Kotal Kahn
76%
Q Quan Chi
76%
J Jacqui Briggs
75%
M Mileena
75%
G Goro
74%
K Kenshi
72%
R Reptile
72%
S Shinnok
71%
T Takeda
70%
T Tanya
70%
E Erron Black
69%
K Kung Jin
69%
T Tremor
69%
T Triborg
67%
K Kano
65%
No matching quizzes found
Score Distribution
Percent of People with Each Score
Percentile by Number Answered
Your Score History
You have not taken this quiz